| 000 | 01677nam a22002657a 4500 | ||
|---|---|---|---|
| 005 | 20250530154007.0 | ||
| 008 | 250414b |||||||| |||| 00| 0 eng d | ||
| 020 | _a9789004694798 | ||
| 040 | _cSDCL | ||
| 041 |
_2eng _aeng |
||
| 084 | _aV2:3(S:55) R4 | ||
| 100 |
_aLinden, Bob Van Der _9616492 |
||
| 245 |
_aRomantic nationalism in India : _bCultivation of Culture and the global circulation of ideas |
||
| 260 |
_aLeiden : _bBrill, _c2024. |
||
| 300 | _axviii, 191p. | ||
| 490 | _aNational cultivation of culture (Volume 31) | ||
| 520 | _aThrough the concept of ‘Romantic nationalism’, this interdisciplinary global historical study investigates cultural initiatives in (British) India that aimed at establishing the nation as a moral community and which preceded or accompanied state-oriented political nationalism. Drawing on a vast array of sources, it discusses important Romantic nationalist traits, such as the relationship between language and identity, historicism, artistic revivalism and hero worship. Ultimately, this innovative book argues that because of the confrontation with European civilization and processes of modernization at large, cultivation of culture in British India was morally and spiritually more important to the making of the nation than in Europe. | ||
| 650 |
_aNationalism -- India -- History -- Civilization -- European influences _9811249 |
||
| 650 |
_aRomanticism -- India _9811250 |
||
| 650 |
_aIndia -- Civilization -- European influences -- History -- British occupation _9811251 |
||
| 650 |
_aNationalism -- History -- India _9811144 |
||
| 650 |
_a1765-1947 _9811252 |
||
| 942 |
_2CC _cTEXL _n0 |
||
| 999 |
_c1308936 _d1308936 |
||